Montana State Parks - Statistics

General Stats
  • This quiz has been taken 56 times
  • The average score is 9 of 53
Answer Stats
Hint % Correct
Cardwell Lewis & Clark Caverns
62%
Glendive Makoshika
46%
Ekalaka Medicine Rocks
38%
Three Forks Missouri Headwaters
38%
Dillon Bannack
31%
Ulm First Peoples Buffalo Jump
31%
Great Falls Giant Springs
31%
Billings Lake Elmo
31%
Anaconda Lost Creek
31%
Belt Sluice Boxes
31%
Anaconda Anaconda Smoke Stack
23%
Twin Bridges Beaverhead Rock
23%
Clinton Beavertail Hill
23%
Jordan Hell Creek
23%
Three Forks Madison Buffalo Jump
23%
Miles City Pirogue Island
23%
Thompson Falls Thompson Falls
23%
Lolo Travelers' Rest
23%
Dayton Wild Horse Island
23%
Roberts Cooney
15%
Boulder Elkhorn
15%
Polson Finley Point
15%
Frenchtown Frenchtown Pond
15%
Phillipsburg Granite Ghost Town
15%
Greycliff Greycliff Prairie Dog Town
15%
Darby Painted Rocks
15%
Seeley Lake Salmon Lake
15%
White Sulphur Springs Smith River
15%
Helena Spring Meadow Lake
15%
Whitefish Whitefish Lake
15%
Woods Bay Yellow Bay
15%
Elmo Big Arm
8%
Helena Black Sandy
8%
Dagmar Brush Lake
8%
Pryor Chief Plenty Coups
8%
Missoula Council Grove
8%
Alberton Fish Creek
8%
Dayton Lake Mary Ronan
8%
Billings Pictograph Cave
8%
Seeley Lake Placid Lake
8%
Busby Rosebud Battlefield
8%
Libby Thompson Chain of Lakes
8%
Cascade Tower Rock
8%
Bigfork Wayfarers
8%
Lakeside West Shore
8%
Hobson Ackley Lake
0%
Dillon Clark's Lookout
0%
Stevensville Fort Owen
0%
Whitefish Les Mason
0%
Libby Logan
0%
Kalispell Lone Pine
0%
Missoula Milltown
0%
Decker Tongue River Reservoir
0%
No matching quizzes found
Score Distribution
Percent of People with Each Score
Percentile by Number Answered
Your Score History
You have not taken this quiz